000 00363nam a2200157Ia 4500
005 20250425064033.0
008 240331s9999 xx 000 0 und d
020 _a9552014751
082 _bABE
_a891
100 _aAbedeera,L.F
245 0 _aKandak gini avilenne
260 _aColombo
_bGodake & Sons
_c1995
300 _a376 p .,
650 _aNovel
942 _cL
999 _c4805
_d4805